LEADER 01481nam a2200301 i 4500 001 000000154206 003 CaOOAMICUS 005 20250401100504.0 008 061011s2006 be u000 u lat u 013 $a131552 020 $a2-503-61302-0 040 $aSeMil$bita 100 1 $aArator Diaconus .$0(OLS)http://semarc/name/7429 245 10$aHistoria apostolica cum summariis adiunctis /$ccurante CTLO, Centre traditio litterarum occidentalium. 260 $aTurnhout :$bBrepols,$c2006. 300 $a43 p. ;$c25 cm + 4 microfiches. 490 0 $aCorpus Christianorum. Instrumenta lexicologica latina. Ser. A, Formae ;$vFasc.183 500 $aSpoglio lessicale 710 2 $aCentre traditio litterarum Occidentalium.$0(OLS)http://semarc/name/59 772 0 $aArator Diaconus $tAratoris Subdiaconi Historia Apostolica.$dTurnhout : Brepols, 2006.$kCorpus Christianorum. Series Latina$w()16063 830 0$aCorpus Christianorum. Instrumenta lexicologica latina. Ser. A, Formae ;$v183.$0(OLS)http://semarc/title/82 850 $aSeMil 852 $aSeMil$W1$xVenegono$y1$mSL2.G CC.CM.ILL 183$j255769$B106068$CSeMilBibl$Z2$F115281 $8I 961 $aSottoscrizione: Brepols 996 $6020$a2-503-61302-0$9(OLS)http://semarc/number/144114 996 $6245$aHistoria apostolica cum summariis adiunctis$9(OLS)http://semarc/title/225662 996 $6260$aTurnhout :$bBrepols$9(OLS)http://semarc/publisher/29626 LEADER 01289nam a2200301 4500 001 000000334149 003 CaOOAMICUS 005 20190827090552.0 008 190618s1994 it 000 u ita r 020 $a88-7078-249-2 040 $aSeMil$bita 100 1 $aIllich, Ivan,$d<1926-2002>.$0(OLS)http://semarc/name/28389 240 10$aIn the vineyard of the text.$0(OLS)http://semarc/title/423785 245 10$aNella vigna del testo :$bper una etologia della lettura /$cIvan Illich. 264 1$aMilano :$bRaffaello Cortina,$c1994. 300 $aVI, 226 p. ;$c20 cm 490 1 $aMinima ;$v23 500 $aTrad. di Alessandro Serra e Donato Barbone 650 4$aLettura.$0(OLS)http://semarc/subject/18722 650 4$aLibro - Storia.$0(OLS)http://semarc/subject/48609 830 0$aMinima ;$v23.$0(OLS)http://semarc/title/6338 850 $aSeMil 852 $aSeMil$W1$xVenegono$y1$m1W II 366$j215699$B226362$CSeMilBibl$Z2$F226362 $81 961 $aAntonelli don Mario - Omaggio 996 $6020$a88-7078-249-2$9(OLS)http://semarc/number/287617 996 $6245$aNella vigna del testo :$bper una etologia della lettura$9(OLS)http://semarc/title/423786 996 $6264$aMilano :$bRaffaello Cortina$9(OLS)http://semarc/publisher/31196